| 000 | 00603nam a2200205 a 4500 | ||
|---|---|---|---|
| 001 | 20258 | ||
| 003 | CO-ViMGA | ||
| 008 | 141112s2004 ck r 000 u spa d | ||
| 020 | _a9702200350 | ||
| 040 |
_aCO-ViMGA _bspa _cCO-ViMGA |
||
| 082 | 0 | 4 | _a808.831 A473 |
| 245 | 1 | 0 |
_aLos pequeños ecologistas : _bel Aire |
| 260 |
_aMexico : _bHemma, _c2002 |
||
| 300 | _a30 p. il. | ||
| 490 | _aHistorias de duendes | ||
| 590 | _aForma de adquisición : Donacion Temas y Libros, 2005 - - Precio : 4500 | ||
| 650 | 1 | 4 |
_aCUENTOS INFANTILES _92743 |
| 650 | 1 | 4 |
_aCUENTOS INFANTILES - AIRE _929269 |
| 942 |
_2ddc _cBK |
||
| 999 |
_c29284 _d29284 |
||